000 00926nam a22002417a 4500
003 NUST
005 20240819121801.0
008 140613b xxu||||| |||| 00| 0 eng d
010 _a2002015061
020 _cAvailable
_a1563475758
040 _aDLC
_bDLC
_cRCMS
082 _a629.13335 FRA
100 _aJames A Franklin
_91797
245 _aDynamics, Control,and Flying Qualities of V/STOL Aircraft
_c Franklin James A
260 _aUSA
_bAmerican Institute of Aerobatics and Astronautics,Inc,Reston ,Virginia
_cc2002
300 _axvi,210,p:
_bill:
_c22,cm.
440 _aAIAA Education Series
_91422
500 _aIncludes bibliographical references and index
538 _iShelf No 1 Row No 2
650 _a1.Vertically rising aircraft.2.Short take-off and landing aircraft.3.Airplanes ----- Handling Characteristics 4. Airplanes ----- Control systems.
_91798
856 _3Table of Content Only
942 _2ddc
_cBK
999 _c24554
_d24554